000 00512nam a2200169 a 4500
001 000005074
005 20200929151555.0
008 090729s2000 dr 001 spa d
020 _a9993400920
040 _aDO-SdBNP
_bspa
_cBNPHU
082 _axxx
_bC331r
100 1 _aCarvajal Oviedo, Herbert
_914576
245 1 0 _aResumen de jurisprudencia nacional 1989 - 1992 /
_cHerbert Carvajal Oviedo.
260 _aSanto Domingo, :
_bCumbre,
_c2000.
300 _a171 p. ;
_c22 cm.
500 _aIncluye tabla de contenido
999 _c4878
_d4878